000
00290nam a2200109Ia 4500
008
201216s9999 xx 000 0 und d
100
_a
Long, Larry
245
0
_a
Introduction To Computers and Information Processing
260
_a
Englewood Cliffs
_b
Prentice Hall
300
_a
567
942
_c
BK
999
_c
6517
_d
6517